Prezydenci Polski - Statystyki

Ogólne statystyki
  • Ten quiz został rozwiązany 44 razy
  • Średni wynik to 10 z 17
Statystyki odpowiedzi
Lata urzędu Prezydent % Poprawnych
2015-2025 Andrzej Duda
95%
1990-1995 Lech Wałęsa
95%
1995-2005 Aleksander Kwaśniewski
92%
2010-2015 Bronisław Komorowski
92%
od 2025 Karol Nawrocki
92%
2005-2010 Lech Kaczyński
92%
1989-1990 Wojciech Jaruzelski
82%
1922-1922 Gabriel Narutowicz
71%
1926-1939 Ignacy Mościcki
63%
1947-1952 Bolesław Bierut
55%
1922-1926 Stanisław Wojciechowski
39%
1989-1990 Ryszard Kaczorowski
34%
1979-1986 Edward Raczyński
13%
1986-1989 Kazimierz Sabbat
13%
1939-1947 Władysław Raczkiewicz
11%
1947-1972 August Zaleski
8%
1972-1979 Stanisław Ostrowski
5%
Nie znaleziono quizów pasujących do podanych kryteriów
Rozkład punktacji
Procent ludzi z każdym wynikiem
Percentyl według liczby udzielonych odpowiedzi
Twoja historia wyników
Nie rozwiązałeś tego quizu